<?xml version="1.0" encoding="UTF-8"?>
<collection xmlns="http://www.loc.gov/MARC21/slim">
 <record>
  <leader>01032nam a22002175a 4500</leader>
  <controlfield tag="001">CEM.cems010708</controlfield>
  <controlfield tag="005">20080215175413.0</controlfield>
  <controlfield tag="008">130507b######################000#0#####d</controlfield>
  <controlfield tag="003">CEMS</controlfield>
  <datafield tag="020" ind1=" " ind2=" ">
   <subfield code="a">9501324346</subfield>
  </datafield>
  <datafield tag="082" ind1="0" ind2="4">
   <subfield code="a">Z982.06</subfield>
  </datafield>
  <datafield tag="100" ind1="1" ind2=" ">
   <subfield code="a">Miranda, Emilio</subfield>
  </datafield>
  <datafield tag="245" ind1="1" ind2="0">
   <subfield code="a">Historia argentina contemporánea /</subfield>
   <subfield code="c">Emilio Miranda, Edgardo Colombo</subfield>
  </datafield>
  <datafield tag="260" ind1=" " ind2=" ">
   <subfield code="a">Buenos Aires :</subfield>
   <subfield code="b">Kapelusz</subfield>
  </datafield>
  <datafield tag="300" ind1=" " ind2=" ">
   <subfield code="a">311 p.</subfield>
  </datafield>
  <datafield tag="490" ind1="0" ind2=" ">
   <subfield code="a">Biblioteca del polimodal</subfield>
  </datafield>
  <datafield tag="505" ind1="0" ind2=" ">
   <subfield code="a">El fin del orden virreinal y el proceso revolucionario (1776-1820) -- La Argentina sin estado. Las guerras civiles (1820-1862) -- La organización del Estado nacional y el régimen oligárquico (1862-1916) -- Experimento democrático del radicalismo, golpe y restauración oligárquica (1916-1943) -- La Argentina peronista (1943-1955) -- Dictaduras y democracias (1955-1976) -- El terror y la restauración democrática</subfield>
  </datafield>
  <datafield tag="653" ind1=" " ind2=" ">
   <subfield code="a">Historia</subfield>
  </datafield>
  <datafield tag="653" ind1=" " ind2=" ">
   <subfield code="a">Historia argentina</subfield>
  </datafield>
  <datafield tag="700" ind1="1" ind2=" ">
   <subfield code="a">Colombo, Edgardo</subfield>
  </datafield>
  <datafield tag="859" ind1=" " ind2=" ">
   <subfield code="a">CEMS</subfield>
   <subfield code="b">BIB. CEMS - 11 de abril</subfield>
   <subfield code="h">Z982.06</subfield>
   <subfield code="i">M672</subfield>
   <subfield code="p">21163.01</subfield>
   <subfield code="t">Ej.1</subfield>
  </datafield>
 </record>
</collection>
